logo

Bir Sreshtho Munshi Abdur Rouf Library
Jhenaidah Cadet College

Thoughts On Islam / (Record no. 6668)

MARC details
000 -LEADER
fixed length control field 00542nam a2200217 a 4500
001 - CONTROL NUMBER
JCCL Control Number 6668
003 - CONTROL NUMBER IDENTIFIER
JCCL marc code BD-JhCC
005 - DATE AND TIME OF LATEST TRANSACTION
control field 20180128093939.0
008 - FIXED-LENGTH DATA ELEMENTS--GENERAL INFORMATION
fixed length control field 180128s bg |||| || | 000 0 eng d
035 ## - SYSTEM CONTROL NUMBER
system control number (BD-JhCC)6668
040 ## - CATALOGING SOURCE
Original cataloging agency BD-JhCC
Modifying agency BD-JhCC
041 ## - LANGUAGE CODE
Language code of Book eng
082 ## - DEWEY DECIMAL CLASSIFICATION NUMBER
Classification number 297.08
Author mark and Year HAR 1970
100 ## - MAIN ENTRY--PERSONAL NAME
Personal name Haroon, Sharif Abdullah
245 ## - TITLE STATEMENT
Title Thoughts On Islam /
Statement of responsibility, etc Sharif Abdullah Haroon,
260 ## - PUBLICATION, DISTRIBUTION, ETC. (IMPRINT)
Place of publication, distribution, etc Dacca :
Name of publisher, distributor, etc Islamic Academy,
Date of publication, distribution, etc 1970
300 ## - PHYSICAL DESCRIPTION
Pagination 130 p. :
Dimensions 24 cm.
650 ## - SUBJECT ADDED ENTRY--TOPICAL TERM
Topical term or geographic name as entry element Islam
942 ## - ADDED ENTRY ELEMENTS (KOHA)
Source of classification or shelving scheme Dewey Decimal Classification
Koha item type Books
Holdings
Source of classification or shelving scheme Damaged status Not for loan Home library Current library Shelving location Date of accession Cost, normal purchase price Total Checkouts Full call number Barcode Date last seen Copy number Koha item type
Dewey Decimal Classification     JCC Rouf Library JCC Rouf Library General Stacks 01/28/2018 6.00   297.08 HAR 1970 8935 01/28/2018 C-1 Books

JCC Library | Contacts | JCC Home

Last Update on 23 September 2017
Copyright @ 2017-2020 JCC Rouf Library
Rouf Library, Jhenidah Cadet College (JCC), Bangladesh